=LDR 00000nam 2200000 4500 =001 NUTBA000000000001620 =005 20140507133542.0 =006 =007 =008 =020 ##$$a 978-979-22-5929-2 =035 ##$$a 0010-051400000000085 =082 ##$$a 613.2 =090 ##$$a 613.2$bWal m =100 ##$$a Waluyo, Kusno =245 ##$$a Memahami gizi untuk kesehatan ibu hamil =260 ##$$a Bandung$bPuri Delco$c2010 =300 ##$$a iv,119 hlm.$b Ilus$c23 cm. =650 ##$$a Gizi$xAspek Kesehatan =850 ##$$a NBPNMAT